000 00477cam a2200205 4500
001 4600233
005 20180221033246.0
008 691124r19691920nyua 001 0 eng
010 _a 76093352
020 _a0836913019
040 _aDLC
_cDLC
_dDLC
041 _aeng
080 _a500 RAY
082 0 0 _a500 RAY
100 1 _a41
101 _aGJE
245 1 0 _aSecrets of earth and sea.
906 _a7
_bcbc
_corignew
_du
_encip
_f19
_gy-gencatlg
942 _2ddc
_cBK
999 _c42974
_d42974